000 00364nam a2200133Ia 4500
008 220216s9999 xx 000 0 und d
100 _aPrem Nath
245 0 _aGlobalization of agriculture and R & D in India - An overview
260 _bPlant Horticultural Technology
_c2001
300 _a25-32
650 _aAgriculture
650 _aGlobalization
942 _cJS
999 _c60000
_d60000